000 00385nam a2200157Ia 4500
008 230718s9999 xx 000 0 und d
041 _aeng
082 _a621.319'2
_bBAK
100 _aBakshi U.A.
245 _aNetwork Theory
250 _a5th ed.
260 _bTechnical
365 _cRs.
_b410.00
700 _aBakshi U.A. & Bakshi A.V.
906 _dB:29612-Aug-2008
_cETC
_b61.5
999 _c319133
_d319133